Country Flags Featuring the Sun - Statistics

General Stats
  • This quiz has been taken 19 times
    11 since last reset
  • The average score is 7 of 13
Answer Stats
Clue Answer % Correct
South America Argentina
100%
South America Uruguay
89%
Oceania Kiribati
78%
Asia Kazakhstan
67%
Africa Malawi
67%
North America Antigua and Barbuda
56%
South America Ecuador
56%
Asia Kyrgyzstan
56%
Africa Rwanda
44%
Asia Taiwan
44%
Africa Namibia
33%
Europe North Macedonia
33%
Asia Philippines
22%
No matching quizzes found
Score Distribution
Percent of People with Each Score
Percentile by Number Answered
Your Score History
You have not taken this quiz since the last reset